| 000 | 00830nam a2200253 a 4500 | ||
|---|---|---|---|
| 001 | adlib96000001 | ||
| 003 | ViArRB | ||
| 005 | 200902210153555.7 | ||
| 008 | 960221s1955 dcuabcdjdbkoqu001 0deng d | ||
| 020 | _a81-7544-183-6 | ||
| 022 | _a | ||
| 040 | _aAdlib | ||
| 082 | _a621.39:681.6 | ||
| 245 | _aDigital signal processing, telecommunications and multimedia technology | ||
| 250 | _a | ||
| 260 |
_aNew Delhi _bWheeler Publishing _c1999 |
||
| 300 |
_axv,640p. _c |
||
| 500 | _a | ||
| 100 |
_aKhanna, V.K. _e |
||
| 700 |
_a _a |
||
| 942 | _cBK | ||
| 653 |
_aDigital signal processing _aTelecommunications _aMultimedia technology _aMultimedia technology _aSignal processing - Digital |
||
| 952 |
_w2010-06-16 _p00045853 _r2013-01-15 _40 _00 _bUL _10 _o621.39:681.6 KHA _d2010-06-16 _70 _yBK _s2012-12-02 _l2 _aUL |
||
| 999 |
_c41166 _d41165 |
||